| 000 | 00911nas a2200289 4500 | ||
|---|---|---|---|
| 001 | BR9200823 | ||
| 003 | BR-BrBNA | ||
| 005 | 20231205092318.0 | ||
| 007 | ta | ||
| 008 | 230509b bl.|||p| |||| 00| 00por d | ||
| 040 |
_aBR-BrBNA _bpor _cBiblioteca Nacional de Agricultura |
||
| 041 | _a(Pt) | ||
| 072 | _aL40; L53 | ||
| 100 | 1 | _aViana, W.G. | |
| 100 | 1 | _aBorelli, V. | |
| 245 | 1 | _aContribuicao ao estudo do funiculo espermatico em bovinos da raca Nelore | |
| 246 | 1 | _aContribution to the study of the spermatic cord in bovines of Nelore breed | |
| 650 | _aBOVINO | ||
| 650 | _aGADO NELORE | ||
| 650 | _aTESTICULO | ||
| 650 | _aVEIA | ||
| 650 | _aARTERIA | ||
| 650 | _aANATOMIA ANIMAL | ||
| 773 | 0 |
_tBrazilian Journal of Veterinary Research and Animal Science (Brazil) _xISSN 0303-7525 _g(1991), v. 28(1) p. 11-17 _wBR9200823 |
|
| 909 |
_a202311 _bLúcia _c55 _dLúcia Elande |
||
| 942 |
_2AGRIS _n0 _cANA |
||
| 999 |
_c130851 _d130851 |
||